000
003200000a22001450004500
041
0
_a
SPA
082
0
4
_a
G 863 S173e
100
1
_a
Salom Becerra, Alvaro
245
1
0
_a
El delfín / Alvaro Salom Becerra
250
_a
14
260
_a
Bogotá, Colombia : Tercer Mundo
300
_a
200 Pag
001
11077
942
_c
BK
999
_c
40448
_d
40448